Scores exactes de la coupe du monde 2022 - Statistiques

Statistiques générales
  • Ce quiz a été pris 104 fois
  • Le résultat moyen est 40 sur 63
Statistiques - réponses
Phase Équipe Score Équipe % Correct
Groupe Qatar 0-2 Éqateur
90%
Finale Argentine(4) 3-3 France(2)
78%
Groupe État-Unis 1-1 Pays de Galles
77%
Groupe France 4-1 Australie
77%
Groupe Argentine 1-2 Arabie Saoudite
75%
1/2 France 2-0 Maroc
75%
Groupe Maroc 0-0 Croatie
74%
Groupe Allemagne 1-2 Japon
73%
1/8 Maroc(3) 0-0 Espagne(0)
72%
1/4 Croatie(4) 1-1 Brésil(2)
72%
1/4 Angleterre 1-2 France
72%
1/4 Pays-Bas(3) 2-2 Argentine(4)
72%
1/2 Argentine 3-0 Croatie
72%
1/8 France 3-1 Pologne
72%
Groupe Mexique 0-0 Pologne
70%
1/4 Maroc 1-0 Portugal
70%
Groupe Uruguay 0-0 Corée du sud
69%
3e Croatie 2-1 Maroc
69%
Groupe Danemark 0-0 Tunisie
68%
Groupe Sénégal 0-2 Pays-bas
68%
Groupe Espagne 1-1 Allemagne
67%
1/8 Japon(1) 1-1 Croatie(3)
67%
Groupe Belgique 1-0 Canada
65%
Groupe Pays-bas 1-1 Équateur
65%
Groupe France 2-1 Danemark
65%
Groupe Espagne 7-0 Costa Rica
65%
Groupe Angleterre 0-0 États-Unis
64%
Groupe Angleterre 6-2 Iran
64%
Groupe Argentine 2-0 Mexique
63%
Groupe Japon 2-1 Espagne
63%
Groupe Cameroun 3-3 Serbie
63%
Groupe Croatie 0-0 Belgique
62%
1/8 Angleterre 3-0 Sénégal
62%
1/8 Brésil 4-1 Corée du Sud
62%
Groupe Belgique 0-2 Maroc
60%
Groupe Tunisie 1-0 France
60%
Groupe Canada 1-2 Maroc
60%
1/8 Argentine 2-1 Australie
60%
Groupe Brésil 2-0 Serbie
59%
Groupe Portugal 3-2 Ghana
59%
Groupe Suisse 1-0 Cameroun
58%
Groupe Qatar 1-3 Sénégal
58%
Groupe Costa Rica 2-4 Allemagne
58%
Groupe Brésil 1-0 Suisse
57%
1/8 Pays-Bas 3-1 États-Unis
57%
Groupe Tunisie 0-1 Australie
56%
Groupe Japon 0-1 Costa Rica
56%
Groupe Australie 1-0 Danemark
56%
Groupe Cameroun 1-0 Brésil
56%
Groupe Pologne 2-0 Arabie Saoudite
56%
Groupe Portugal 2-0 Uruguay
56%
Groupe Croatie 4-1 Canada
56%
Groupe Pays de Galles 0-2 Iran
54%
Groupe Pologne 0-2 Argentine
54%
Groupe Équateur 1-2 Sénéal
54%
Groupe Pays-Bas 2-0 Qatar
54%
Groupe Corée du Sud 2-3 Ghana
54%
Groupe Iran 0-1 États-Unis
53%
Groupe Pays de Galles 0-3 Angleterre
53%
Groupe Arabie Saoudite 1-2 Mexique
53%
Groupe Corée du Sud 2-1 Portugal
53%
Groupe Serbie 2-3 Suisse
51%
Groupe Ghana 0-2 Uruguay
49%
Aucun quiz correspondant
Distribution des résultats
% des personnes avec chaque résultat
Percentile par nombre de réponses
Votre historique - résultats
Vous n’avez pas pris ce quiz